zpět

Detail výsledku týmu

The Pub Praha 2 ST, Praha

Datum a čas kvízu

35 Celkem bodů Celkový počet nahraných bodů na tomto kvízu bez doplňovacích otázek.
12. Pořadí na kvízu Konečné umístění týmu na tomto kvízu.

Zaznamenané odpovědi

# Otázka Odpověď Body Výsledky
1. Ve středu utekla jednomu chova... o pumě 1
2. Téměř dvě desetiletí hyzdil pa... o Florencii 1
3. Ve čtvrtek měla v českých kine... Jak vycvičit draka 1
4. Mediální skupina Mafra ve čtvr... Ticketportal 1
5. V neděli skončil 77. ročník cy... Dauphiné 1
6. Toto téma začneme prostě, a to... Chiméra 1
7. Termínem Jókai (Yōkai) se ozna... A 1
8. V roce 2009 byl Rodinným autem... Škoda Yeti 0
9. V této otázce bude vaším úkole... 1A 2D 3B 4C 1
10. Na závěr jedno české mytologic... Blaník 1